García Lorca (Vida, cántico y muerte)

שמור ב:
מידע ביבליוגרפי
מחבר ראשי: Vázquez Ocaña, Fernando
פורמט: ספר
שפה:Undetermined
יצא לאור: México, Distrito Federal Grijalbo 1957
נושאים:
תגים: הוספת תג
אין תגיות, היה/י הראשונ/ה לתייג את הרשומה!

MARC

LEADER 00000nam a2200000Ia 4500
008 170316s9999 xx 000 0 und d
090 |a 862 V-13g 
100 |a Vázquez Ocaña, Fernando 
245 |a García Lorca (Vida, cántico y muerte) 
260 |a México, Distrito Federal 
260 |b Grijalbo 
260 |c 1957 
300 |a 394 páginas 
650 |a LITERATURA ESPAÑOLA 
999 |c 25893  |d 25893 
040 |a cru BVZT 
942 |c 15 D  |h 862 V-13g  |2 z